Early stone houses of Kentucky (Record no. 23345)
[ view plain ]
| 000 -LEADER | |
|---|---|
| fixed length control field | 01412nam a2200349 a 4500 |
| 082 04 - DEWEY DECIMAL CLASSIFICATION NUMBER | |
| Classification number | 728/.3709769 |
| 100 1# - MAIN ENTRY--AUTHOR NAME | |
| Personal name | Murray-Wooley, Carolyn. |
| 245 10 - TITLE STATEMENT | |
| Title | Early stone houses of Kentucky |
| 260 ## - PUBLICATION, DISTRIBUTION, ETC. (IMPRINT) | |
| Place of publication | Lexington, Ky. : |
| Name of publisher | University Press of Kentucky, |
| Year of publication | c2008. |
| 300 ## - PHYSICAL DESCRIPTION | |
| Number of Pages | viii, 227 p., 32 p. of plates : |
| Other physical details | ill. (some col.), maps. |
| 650 #0 - SUBJECT ADDED ENTRY--TOPICAL TERM | |
| Topical Term | Architecture, Domestic |
| Topical Term | Stone houses |
| Topical Term | Vernacular architecture |
| 856 40 - ELECTRONIC LOCATION AND ACCESS | |
| Uniform Resource Identifier | http://site.ebrary.com/lib/rucke/Doc?id=10269607 |
No items available.
